[Event "Tatry op"]
[Site "Tatranska Lomnica SVK"]
[Date "2017.10.12"]
[Round "6.1"]
[White "Krnan, Tomas"]
[Black "Jablonicky, Martin"]
[Result "1-0"]
[WhiteElo "2436"]
[BlackElo "2319"]
[PlyCount "73"]
[GameId "2130307626686902"]
[EventDate "2017.10.08"]
[EventType "swiss"]
[EventRounds "9"]
[EventCountry "SVK"]
[SourceTitle "10 Days #522"]
[Source "Chess Mix"]
[SourceDate "2017.10.20"]
[SourceVersion "1"]
[SourceVersionDate "2017.10.20"]
[SourceQuality "1"]

1. e4 g6 2. d4 Bg7 3. Nc3 d6 4. Bg5 a6 5. Nf3 Bg4 6. h3 Bxf3 7. Qxf3 Bxd4 8. Bc4 Nf6 9. Ne2 Bb6 10. e5 dxe5 11. Rd1 Qc8 12. Bxf6 exf6 13. Qxf6 O-O 14. Bxf7+ Rxf7 15. Rd8+ Qxd8 16. Qxd8+ Kg7 17. O-O Ra7 18. c4 Nc6 19. Qd5 Ra8 20. c5 Rd8 21. Qc4 Ba5 22. a3 Bd2 23. Qb3 Na5 24. Qe6 Nc6 25. Ng3 Bf4 26. Ne4 Rd4 27. Re1 Bd2 28. Rd1 Rxe4 29. Rxd2 Rd4 30. Rxd4 exd4 31. Qb3 Re7 32. Kf1 Nd8 33. Qb4 Nc6 34. Qxb7 d3 35. Qb3 Rd7 36. Ke1 Kf6 37. Qa4 1-0

[Event "SVK-Tch 2017-18"]
[Site "SVK"]
[Date "2017.09.30"]
[Round "1.1"]
[White "Stocek, Jiri"]
[Black "Krnan, Tomas"]
[Result "1/2-1/2"]
[WhiteElo "2581"]
[BlackElo "2436"]
[PlyCount "113"]
[GameId "2130307627173235"]
[EventDate "2017.09.30"]
[EventType "team"]
[EventRounds "11"]
[EventCountry "SVK"]
[SourceTitle "10 Days #521"]
[Source "Chess Mix"]
[SourceDate "2017.10.10"]
[SourceVersion "1"]
[SourceVersionDate "2017.10.10"]
[SourceQuality "1"]
[WhiteTeam "TJ Slávia UPJŠ Košice"]
[BlackTeam "ŠK Junior CVC Banská Bystrica"]

1. d4 Nf6 2. c4 e6 3. Nf3 Bb4+ 4. Nbd2 O-O 5. a3 Be7 6. b4 a5 7. b5 c5 8. bxc6 bxc6 9. c5 d6 10. cxd6 Bxd6 11. e4 Be7 12. Qc2 c5 13. dxc5 Qc7 14. Bb2 Qxc5 15. Qxc5 Bxc5 16. Rc1 Nbd7 17. Ne5 Rb8 18. Nxd7 Nxd7 19. Rc2 Bb7 20. Bd3 Bc6 21. Nc4 Bb5 22. Ke2 a4 23. Rd1 Be7 24. Na5 Bf6 25. Bxf6 Nxf6 26. f3 g6 27. Rc5 Bxd3+ 28. Rxd3 Nh5 29. g3 Rb1 30. Rc2 Rh1 31. Ke3 f5 32. Nc6 fxe4 33. Kxe4 Re1+ 34. Kd4 Ng7 35. Kc5 Nf5 36. Kb5 Ne3 37. Rb2 Nd5 38. Kxa4 Rc1 39. Nb4 Ra8+ 40. Kb3 Ra1 41. Nxd5 R1xa3+ 42. Kc2 exd5 43. f4 Rxd3 44. Kxd3 Ra4 45. Ke3 h5 46. Rd2 Re4+ 47. Kf3 Ra4 48. Rxd5 Ra2 49. h4 Ra3+ 50. Ke4 Kf7 51. Rd3 Ra5 52. Kf3 Kf6 53. g4 hxg4+ 54. Kxg4 Rb5 55. Rd6+ Kf7 56. Ra6 Rc5 57. Rb6 1/2-1/2

[Event "SVK-Tch 2017-18"]
[Site "SVK"]
[Date "2017.10.01"]
[Round "2.1"]
[White "Krnan, Tomas"]
[Black "Babula, Vlastimil"]
[Result "1/2-1/2"]
[WhiteElo "2436"]
[BlackElo "2556"]
[PlyCount "45"]
[GameId "2130307627177375"]
[EventDate "2017.09.30"]
[EventType "team"]
[EventRounds "11"]
[EventCountry "SVK"]
[SourceTitle "10 Days #521"]
[Source "Chess Mix"]
[SourceDate "2017.10.10"]
[SourceVersion "1"]
[SourceVersionDate "2017.10.10"]
[SourceQuality "1"]
[WhiteTeam "ŠK Junior CVC Banská Bystrica"]
[BlackTeam "Reinter Snina"]

1. e4 c5 2. Nf3 e6 3. g3 Nc6 4. Bg2 d5 5. exd5 exd5 6. O-O Nf6 7. d4 Be7 8. c3 O-O 9. Be3 cxd4 10. Nxd4 Bg4 11. Nxc6 bxc6 12. Qa4 Qc8 13. Re1 Bh3 14. Bg5 Bxg2 15. Kxg2 Re8 16. Nd2 h6 17. Bxf6 Bxf6 18. Nb3 Qb7 19. Rab1 Qb6 20. Nd4 Bxd4 21. cxd4 Rad8 22. Rxe8+ Rxe8 23. Rc1 1/2-1/2

[Event "SVK-Tch 2017-18"]
[Site "SVK"]
[Date "2017.11.11"]
[Round "3.1"]
[White "Leniart, Arkadiusz"]
[Black "Krnan, Tomas"]
[Result "1-0"]
[WhiteElo "2492"]
[BlackElo "2449"]
[PlyCount "73"]
[GameId "2130307627185613"]
[EventDate "2017.09.30"]
[EventType "team"]
[EventRounds "11"]
[EventCountry "SVK"]
[SourceTitle "10 Days #525"]
[Source "Chess Mix"]
[SourceDate "2017.11.20"]
[SourceVersion "1"]
[SourceVersionDate "2017.11.20"]
[SourceQuality "1"]
[WhiteTeam "ŠK Prakovce - www.sachovetreningy.sk"]
[BlackTeam "ŠK Junior CVC Banská Bystrica"]

1. d4 Nf6 2. c4 g6 3. Nc3 Bg7 4. e4 d6 5. f4 c5 6. dxc5 Qa5 7. Bd3 Qxc5 8. Nf3 Nc6 9. Qe2 Bg4 10. Be3 Bxf3 11. gxf3 Nd4 12. Qf2 e5 13. O-O O-O 14. Kh1 a6 15. Rac1 Qa5 16. f5 Nh5 17. Nd5 Nf6 18. Bd2 Qd8 19. Bg5 Nxe4 20. fxe4 Qxg5 21. Rg1 Qh5 22. Rg3 Rae8 23. Rcg1 Kh8 24. Qg2 Ne6 25. fxe6 fxe6 26. Rh3 Rf2 27. Qg3 Qxh3 28. Qxh3 exd5 29. Rf1 Rxf1+ 30. Qxf1 Rf8 31. Qh3 d4 32. Qd7 h5 33. Kg2 Rf6 34. Qxb7 h4 35. Qxa6 Bh6 36. Qc8+ Rf8 37. Qg4 1-0

[Event "SVK-Tch 2017-18"]
[Site "SVK"]
[Date "2017.11.12"]
[Round "4.1"]
[White "Krnan, Tomas"]
[Black "Mazur, Stefan"]
[Result "1-0"]
[WhiteElo "2449"]
[BlackElo "2464"]
[PlyCount "105"]
[GameId "2130307627185657"]
[EventDate "2017.09.30"]
[EventType "team"]
[EventRounds "11"]
[EventCountry "SVK"]
[SourceTitle "10 Days #525"]
[Source "Chess Mix"]
[SourceDate "2017.11.20"]
[SourceVersion "1"]
[SourceVersionDate "2017.11.20"]
[SourceQuality "1"]
[WhiteTeam "ŠK Junior CVC Banská Bystrica"]
[BlackTeam "Liptovská šachová škola"]

1. e4 e5 2. Nf3 Nc6 3. Bb5 a6 4. Ba4 Nf6 5. O-O Be7 6. d3 b5 7. Bb3 d6 8. a3 O-O 9. Nc3 Na5 10. Ba2 Be6 11. Bxe6 fxe6 12. b4 Nc6 13. Bd2 d5 14. Re1 Qd6 15. Na2 Nd7 16. Qe2 d4 17. Reb1 Nb6 18. Nc1 Na4 19. Nb3 Rf7 20. Rf1 Raf8 21. Ng5 Bxg5 22. Bxg5 Ne7 23. Bd2 Ng6 24. g3 Qe7 25. f3 h6 26. Rac1 Qd8 27. c4 dxc3 28. Be3 Rd7 29. Nc5 Nxc5 30. Bxc5 Rxd3 31. Rcd1 Rd4 32. Bxf8 Nxf8 33. f4 Nd7 34. Rd3 Nf6 35. Rfd1 c5 36. fxe5 Ng4 37. bxc5 c2 38. Qxc2 Nxe5 39. Rxd4 Nf3+ 40. Kg2 Nxd4 41. c6 e5 42. c7 Qc8 43. Qc5 Ne6 44. Qxe5 Nxc7 45. Rc1 Qe6 46. Qxe6+ Nxe6 47. Rc6 Ng5 48. e5 a5 49. Ra6 b4 50. a4 Ne4 51. Rxa5 Nc3 52. Ra8+ Kf7 53. a5 1-0

[Event "SVK-Tch1E 2015-16"]
[Site "SVK"]
[Date "2015.10.24"]
[Round "1.1"]
[White "Krnan, Tomas"]
[Black "Andras, Tomas"]
[Result "1-0"]
[WhiteElo "2449"]
[BlackElo "2143"]
[PlyCount "115"]
[GameId "2130307651526984"]
[EventDate "2015.10.24"]
[EventType "team"]
[EventRounds "11"]
[EventCountry "SVK"]
[SourceTitle "Mega2016 Update 11"]
[Source "Chessbase"]
[SourceDate "2015.12.18"]
[SourceVersion "1"]
[SourceVersionDate "2015.12.18"]
[SourceQuality "1"]
[WhiteTeam "Banska Bystrica Junior"]
[BlackTeam "Kezmarok"]
[WhiteTeamCountry "SVK"]
[BlackTeamCountry "SVK"]

1. e4 c6 2. d4 d5 3. Nc3 dxe4 4. Nxe4 Nf6 5. Nxf6+ exf6 6. c3 Be6 7. Bd3 Nd7 8. Ne2 Nb6 9. Nf4 Qd7 10. O-O Bd6 11. Nxe6 fxe6 12. Qh5+ Qf7 13. Qh3 f5 14. c4 Be7 15. a4 O-O 16. a5 Nd7 17. Re1 c5 18. d5 e5 19. Bc2 Bd6 20. Ba4 Rae8 21. f3 h6 22. Be3 Re7 23. Bf2 Qf6 24. Re2 g5 25. Rae1 Rff7 26. Bxd7 Rxd7 27. Bg3 Rde7 28. Qh5 Kg7 29. h4 Rf8 30. Rf1 Rfe8 31. Be1 Qg6 32. Qxg6+ Kxg6 33. g4 h5 34. gxf5+ Kxf5 35. Rg2 Rg7 36. Bd2 Be7 37. Be3 Reg8 38. hxg5 Bxg5 39. Bxg5 Rxg5 40. Rxg5+ Rxg5+ 41. Kf2 e4 42. Rh1 exf3 43. Kxf3 Ke5 44. Re1+ Kd4 45. Kf4 Rg4+ 46. Kf5 Kxc4 47. d6 Kb5 48. Rd1 Rg8 49. d7 Rd8 50. Ke6 Kc6 51. Ke7 Kc7 52. Rd5 b6 53. Rd6 bxa5 54. Rc6+ Kxc6 55. Kxd8 Kb5 56. Kc7 a4 57. d8=Q a3 58. Qd3+ 1-0

[Event "SVK-Tch1E 2015-16"]
[Site "SVK"]
[Date "2015.10.25"]
[Round "2.1"]
[White "Druska, Juraj"]
[Black "Krnan, Tomas"]
[Result "1-0"]
[WhiteElo "2466"]
[BlackElo "2449"]
[PlyCount "161"]
[GameId "2130307651527030"]
[EventDate "2015.10.24"]
[EventType "team"]
[EventRounds "11"]
[EventCountry "SVK"]
[SourceTitle "Mega2016 Update 11"]
[Source "Chessbase"]
[SourceDate "2015.12.18"]
[SourceVersion "1"]
[SourceVersionDate "2015.12.18"]
[SourceQuality "1"]
[WhiteTeam "Liptov Chess School II"]
[BlackTeam "Banska Bystrica Junior"]
[WhiteTeamCountry "SVK"]
[BlackTeamCountry "SVK"]

1. d4 Nf6 2. c4 g6 3. g3 Bg7 4. Bg2 O-O 5. Nc3 d6 6. Nf3 Nc6 7. O-O a6 8. Qd3 e5 9. dxe5 dxe5 10. Qxd8 Rxd8 11. Bg5 Re8 12. Rfd1 h6 13. Bxf6 Bxf6 14. Nd2 Bd8 15. Nb3 Ne7 16. Nc5 c6 17. Nd7 Nf5 18. Nxe5 Be6 19. Ne4 Kg7 20. b3 Bc7 21. Nd3 Rad8 22. Kf1 Nd4 23. e3 Nc2 24. Rac1 Bg4 25. Rd2 Na3 26. Ndc5 Rxd2 27. Nxd2 Rd8 28. Nf3 Bc8 29. Ke2 Bb6 30. Na4 Ba7 31. Rd1 Rxd1 32. Kxd1 b5 33. Nb2 Nb1 34. Ne5 Nc3+ 35. Kd2 Nxa2 36. Nxc6 Bb6 37. cxb5 axb5 38. Bf1 Be6 39. Kc2 Bd5 40. Nd4 Nb4+ 41. Kd2 Bxd4 42. exd4 Nc6 43. Ke3 Na7 44. b4 Nc6 45. Bxb5 Nxb4 46. Ba4 Ba2 47. Nd1 Nd5+ 48. Kd2 Nf6 49. Nc3 Bc4 50. Bd1 Kf8 51. Bf3 Ke7 52. Ke3 Ke6 53. Na4 Kd6 54. Nc5 Bd5 55. Be2 Bc6 56. Bd1 Nd5+ 57. Kd2 Ne7 58. Nd3 Bd5 59. Nf4 Ba2 60. Ba4 Nf5 61. Kc3 g5 62. Nd3 Bd5 63. Ne5 Be6 64. Bc2 Ne7 65. Be4 f5 66. Bf3 Ba2 67. Bh5 Bd5 68. Bf7 Be6 69. Bxe6 Kxe6 70. Kc4 f4 71. g4 Nd5 72. Nf7 Nf6 73. Ne5 h5 74. h3 hxg4 75. hxg4 Ne4 76. f3 Nd2+ 77. Kc3 Nf1 78. Nc4 Kd5 79. Kd3 Ke6 80. Nd2 Kd5 81. Ne4 1-0

[Event "Wch-Blitz"]
[Site "Berlin GER"]
[Date "2015.10.13"]
[Round "1"]
[White "Krnan, Tomas"]
[Black "Bok, Benjamin"]
[Result "1-0"]
[WhiteElo "2440"]
[BlackElo "2591"]
[PlyCount "109"]
[GameId "2130307652031681"]
[EventDate "2015.10.13"]
[EventType "swiss (blitz)"]
[EventRounds "21"]
[EventCountry "GER"]
[SourceTitle "Mega2015 Update 47"]
[Source "Chessbase"]
[SourceDate "2015.10.16"]
[SourceVersion "1"]
[SourceVersionDate "2015.10.16"]
[SourceQuality "1"]

1. e4 e5 2. Nf3 Nc6 3. Bb5 Nf6 4. O-O Nxe4 5. Re1 Nd6 6. Nxe5 Be7 7. Bf1 Nf5 8. Nf3 O-O 9. d4 d5 10. c3 Bd6 11. h3 Nh4 12. Nxh4 Qxh4 13. Qf3 Be6 14. g3 Qd8 15. Bg2 Qd7 16. Kh2 Rae8 17. Be3 Ne7 18. Bf4 Ng6 19. Bxd6 Qxd6 20. Nd2 f5 21. c4 dxc4 22. d5 Nh4 23. Qf4 Qxf4 24. gxf4 Nxg2 25. Rxe6 Nxf4 26. Rxe8 Rxe8 27. Nxc4 Nxd5 28. Rd1 c6 29. Nd6 Re2 30. Nxb7 Rxf2+ 31. Kg3 Rxb2 32. Na5 Rxa2 33. Nxc6 Ra3+ 34. Kf2 Nf6 35. Ne7+ Kf7 36. Nxf5 Rxh3 37. Nd6+ Ke6 38. Nb5 Ne4+ 39. Kg2 Rg3+ 40. Kh2 Rb3 41. Nd4+ Ke5 42. Nxb3 g5 43. Ra1 h5 44. Rxa7 h4 45. Ra5+ Kf4 46. Nd4 g4 47. Ne6+ Kf3 48. Ra3+ Kf2 49. Ra2+ Kf3 50. Nd4+ Ke3 51. Nf5+ Kf4 52. Nxh4 Kg5 53. Ng2 Kf5 54. Ra5+ Kf6 55. Ne3 1-0

[Event "Wch-Blitz"]
[Site "Berlin GER"]
[Date "2015.10.13"]
[Round "2"]
[White "Krnan, Tomas"]
[Black "Riazantsev, Alexander"]
[Result "0-1"]
[WhiteElo "2440"]
[BlackElo "2646"]
[PlyCount "102"]
[GameId "2130307652035866"]
[EventDate "2015.10.13"]
[EventType "swiss (blitz)"]
[EventRounds "21"]
[EventCountry "GER"]
[SourceTitle "Mega2015 Update 47"]
[Source "Chessbase"]
[SourceDate "2015.10.16"]
[SourceVersion "1"]
[SourceVersionDate "2015.10.16"]
[SourceQuality "1"]

1. Nf3 d5 2. g3 c6 3. Bg2 Bf5 4. d3 e6 5. O-O Nf6 6. Nbd2 h6 7. c4 Be7 8. b3 O-O 9. Bb2 Nbd7 10. Re1 Bh7 11. Qc2 a5 12. a3 Re8 13. Bc3 Bd6 14. Qb2 e5 15. d4 e4 16. Ne5 Qe7 17. Nxd7 Qxd7 18. e3 h5 19. b4 axb4 20. axb4 h4 21. b5 Bf5 22. c5 Bc7 23. Rxa8 Rxa8 24. b6 Bd8 25. Ra1 Rb8 26. Qc1 Bh3 27. Qf1 Bxg2 28. Qxg2 h3 29. Qf1 Qe6 30. Ra7 Nh7 31. f4 exf3 32. Qxf3 Bg5 33. Nf1 Nf6 34. Be1 Ng4 35. Bf2 f5 36. Ra3 Re8 37. Ra7 Re7 38. Ra8+ Kh7 39. Ra7 Kh6 40. Ra8 Kh7 41. Ra7 g6 42. Ra8 Rf7 43. Ra7 Kg7 44. Ra8 Bh6 45. Rb8 Qe4 46. Nd2 Qd3 47. Nf1 Re7 48. Rc8 Nxe3 49. Nxe3 Bxe3 50. Bxe3 Rxe3 51. Rc7+ Kf6 0-1

[Event "Wch-Blitz"]
[Site "Berlin GER"]
[Date "2015.10.13"]
[Round "4"]
[White "Bacrot, Etienne"]
[Black "Krnan, Tomas"]
[Result "1/2-1/2"]
[WhiteElo "2697"]
[BlackElo "2440"]
[PlyCount "66"]
[GameId "2130307652040087"]
[EventDate "2015.10.13"]
[EventType "swiss (blitz)"]
[EventRounds "21"]
[EventCountry "GER"]
[SourceTitle "Mega2015 Update 47"]
[Source "Chessbase"]
[SourceDate "2015.10.16"]
[SourceVersion "1"]
[SourceVersionDate "2015.10.16"]
[SourceQuality "1"]

1. d4 Nf6 2. Nf3 g6 3. g3 Bg7 4. Bg2 d6 5. O-O O-O 6. Nc3 Na6 7. e4 c5 8. d5 Nc7 9. a4 b6 10. Re1 Nd7 11. Bg5 h6 12. Bf4 Bb7 13. Qd2 Kh7 14. Rad1 Ne5 15. Qc1 a6 16. Nxe5 dxe5 17. Be3 a5 18. Nb1 Ne8 19. Na3 Nd6 20. c3 Ba6 21. Qc2 Qd7 22. Bf1 Bxf1 23. Rxf1 f5 24. exf5 Qxf5 25. Qxf5 gxf5 26. f4 e4 27. Rd2 Bf6 28. Kf2 h5 29. Nb5 Nxb5 30. axb5 Rad8 31. Rfd1 Rd6 32. c4 Rg8 33. h4 Rg6 1/2-1/2

[Event "Wch-Blitz"]
[Site "Berlin GER"]
[Date "2015.10.13"]
[Round "5"]
[White "Krnan, Tomas"]
[Black "Borisek, Jure"]
[Result "1-0"]
[WhiteElo "2440"]
[BlackElo "2565"]
[PlyCount "135"]
[GameId "2130307652048395"]
[EventDate "2015.10.13"]
[EventType "swiss (blitz)"]
[EventRounds "21"]
[EventCountry "GER"]
[SourceTitle "Mega2015 Update 47"]
[Source "Chessbase"]
[SourceDate "2015.10.16"]
[SourceVersion "1"]
[SourceVersionDate "2015.10.16"]
[SourceQuality "1"]

1. e4 e5 2. Nf3 Nc6 3. Bb5 a6 4. Ba4 Nf6 5. O-O Be7 6. Re1 b5 7. Bb3 d6 8. c3 O-O 9. d4 Bg4 10. d5 Na5 11. Bc2 c6 12. h3 Bc8 13. dxc6 Qc7 14. Nbd2 Qxc6 15. Nf1 Be6 16. Ng3 Rfe8 17. Nh4 Bf8 18. Qf3 Nc4 19. Nhf5 Kh8 20. b3 Nb6 21. Bg5 Ng8 22. Rad1 Rac8 23. Bd2 d5 24. exd5 Bxd5 25. Be4 g6 26. Bxd5 Nxd5 27. Ne3 Nxc3 28. Bxc3 Qxf3 29. Bxe5+ Rxe5 30. gxf3 Bb4 31. Rc1 Rxc1 32. Rxc1 Bd2 33. Rc6 Bxe3 34. fxe3 Rxe3 35. Kf2 Re6 36. Rxe6 fxe6 37. Ne4 Ne7 38. Nc5 Nc6 39. Nxa6 Kg7 40. Nc7 Kf6 41. Nxb5 Ke5 42. Ke3 Kd5 43. Nc7+ Kd6 44. Nb5+ Kc5 45. Nc3 Kb4 46. Ne4 Ka3 47. Ng5 Kxa2 48. Nxh7 Kxb3 49. Nf8 Kc4 50. Ke4 Kc5 51. Nxg6 Kd6 52. h4 Nd8 53. Ne5 Ke7 54. f4 Nb7 55. h5 Nd6+ 56. Kf3 Nf5 57. Ng6+ Kf6 58. Ne5 Ng7 59. Kg4 Nf5 60. Nc6 Nh6+ 61. Kf3 Nf5 62. Ne5 Nh6 63. Ng4+ Kg7 64. Nxh6 Kxh6 65. Kg4 Kh7 66. Kg5 Kg7 67. h6+ Kh7 68. Kf6 1-0

[Event "Wch-Blitz"]
[Site "Berlin GER"]
[Date "2015.10.13"]
[Round "6"]
[White "Krnan, Tomas"]
[Black "Duda, Jan Krzysztof"]
[Result "0-1"]
[WhiteElo "2440"]
[BlackElo "2658"]
[PlyCount "88"]
[GameId "2130307652052577"]
[EventDate "2015.10.13"]
[EventType "swiss (blitz)"]
[EventRounds "21"]
[EventCountry "GER"]
[SourceTitle "Mega2015 Update 47"]
[Source "Chessbase"]
[SourceDate "2015.10.16"]
[SourceVersion "1"]
[SourceVersionDate "2015.10.16"]
[SourceQuality "1"]

1. e4 c5 2. Nf3 d6 3. Bb5+ Nd7 4. d4 Ngf6 5. Nc3 cxd4 6. Qxd4 a6 7. Be2 e6 8. O-O Be7 9. Bg5 O-O 10. a4 b6 11. Rfe1 Bb7 12. Rad1 Rc8 13. Qd2 h6 14. Bh4 Rc5 15. Bd3 Qa8 16. h3 Rfc8 17. Qe3 Nf8 18. Bf1 Ng6 19. Bg3 Rxc3 20. bxc3 Nxe4 21. Bd3 Rxc3 22. Bh2 d5 23. Qe2 Rc5 24. Bxe4 dxe4 25. Nd4 Rg5 26. Qe3 Nh4 27. Bg3 Ng6 28. a5 bxa5 29. Rb1 Bc5 30. Qd2 Rxg3 31. fxg3 e5 32. c3 exd4 33. Kh2 d3 34. Qb2 Bd5 35. Qb8+ Qxb8 36. Rxb8+ Kh7 37. Rc8 Bf2 38. Rd1 a4 39. c4 Be6 40. Ra8 Bxc4 41. h4 Ne5 42. Kh3 Be6+ 43. Kh2 Bd4 44. Rxa6 Ng4+ 0-1

[Event "Wch-Blitz"]
[Site "Berlin GER"]
[Date "2015.10.13"]
[Round "7"]
[White "Grigoriants, Sergey"]
[Black "Krnan, Tomas"]
[Result "1-0"]
[WhiteElo "2603"]
[BlackElo "2440"]
[PlyCount "117"]
[GameId "2130307652056737"]
[EventDate "2015.10.13"]
[EventType "swiss (blitz)"]
[EventRounds "21"]
[EventCountry "GER"]
[SourceTitle "Mega2015 Update 47"]
[Source "Chessbase"]
[SourceDate "2015.10.16"]
[SourceVersion "1"]
[SourceVersionDate "2015.10.16"]
[SourceQuality "1"]

1. e4 e5 2. Nf3 Nc6 3. Bb5 a6 4. Ba4 Nf6 5. O-O Be7 6. Re1 b5 7. Bb3 O-O 8. d3 d6 9. a3 Na5 10. Ba2 c5 11. Nbd2 Be6 12. Bxe6 fxe6 13. c3 Nc6 14. Nf1 Qd7 15. Ng3 Rae8 16. h3 Bd8 17. a4 b4 18. Be3 bxc3 19. bxc3 Ba5 20. Qc2 Rb8 21. Reb1 h6 22. Nd2 Qc7 23. Nb3 Bb6 24. Qa2 Qd7 25. Rb2 Ba7 26. Qb1 Rb7 27. Nd2 Rfb8 28. Rxb7 Rxb7 29. Qa2 Na5 30. Nc4 Nc6 31. Rb1 Rxb1+ 32. Qxb1 Qc7 33. Qb3 Kf7 34. Ne2 Ke7 35. f4 Qb8 36. Qa2 Qc7 37. fxe5 Nxe5 38. Nxe5 dxe5 39. Qc4 Qd6 40. Nc1 Nh5 41. Nb3 Nf4 42. Bxc5 Bxc5+ 43. Nxc5 Ne2+ 44. Kf2 Nf4 45. Kg1 Ne2+ 46. Kh2 Nf4 47. a5 g5 48. Nxa6 Nxd3 49. Nb4 Nf4 50. Qa2 g4 51. hxg4 Qd1 52. a6 Qxg4 53. Qf2 Ne2 54. g3 Qh5+ 55. Kg2 Nxc3 56. a7 Nxe4 57. Qf3 Qe8 58. Qxe4 Qa4 59. a8=Q 1-0

[Event "Wch-Blitz"]
[Site "Berlin GER"]
[Date "2015.10.13"]
[Round "8"]
[White "Nielsen, Peter Heine"]
[Black "Krnan, Tomas"]
[Result "1/2-1/2"]
[WhiteElo "2654"]
[BlackElo "2440"]
[PlyCount "95"]
[GameId "2130307652060948"]
[EventDate "2015.10.13"]
[EventType "swiss (blitz)"]
[EventRounds "21"]
[EventCountry "GER"]
[SourceTitle "Mega2015 Update 47"]
[Source "Chessbase"]
[SourceDate "2015.10.16"]
[SourceVersion "1"]
[SourceVersionDate "2015.10.16"]
[SourceQuality "1"]

1. e4 e5 2. f4 exf4 3. Nf3 g5 4. Nc3 Nc6 5. g3 fxg3 6. hxg3 Bg7 7. d4 h6 8. Be3 d6 9. Qd2 Bg4 10. Bg2 Nge7 11. O-O-O Qd7 12. Rdf1 f5 13. Nh2 f4 14. gxf4 gxf4 15. Rxf4 h5 16. Nxg4 hxg4 17. Rhf1 O-O-O 18. Rf7 Rhg8 19. Nd5 Rdf8 20. Bg5 Rxf7 21. Rxf7 Bf8 22. Qf4 Qe8 23. Qxg4+ Kb8 24. Rf1 Nxd5 25. exd5 Bh6 26. dxc6 Bxg5+ 27. Kb1 bxc6 28. Qf3 d5 29. a3 Qe3 30. Qf7 Rd8 31. Rd1 Qe2 32. Bf3 Qe7 33. Qf5 Qf6 34. Qd3 Qf4 35. Re1 Kc8 36. Qa6+ Kd7 37. Qd3 Re8 38. Qh7+ Re7 39. Rxe7+ Bxe7 40. Qh3+ Kd6 41. Qh5 Qf6 42. Bg4 Qxd4 43. Qf5 Qf6 44. Qc8 Qf1+ 45. Ka2 Qc4+ 46. Kb1 Qf1+ 47. Ka2 Qc4+ 48. Kb1 1/2-1/2

[Event "Wch-Blitz"]
[Site "Berlin GER"]
[Date "2015.10.13"]
[Round "9"]
[White "Krnan, Tomas"]
[Black "Inarkiev, Ernesto"]
[Result "1/2-1/2"]
[WhiteElo "2440"]
[BlackElo "2660"]
[PlyCount "118"]
[GameId "2130307652065117"]
[EventDate "2015.10.13"]
[EventType "swiss (blitz)"]
[EventRounds "21"]
[EventCountry "GER"]
[SourceTitle "Mega2015 Update 47"]
[Source "Chessbase"]
[SourceDate "2015.10.16"]
[SourceVersion "1"]
[SourceVersionDate "2015.10.16"]
[SourceQuality "1"]

1. e4 e5 2. Nf3 Nc6 3. Bb5 a6 4. Ba4 Nf6 5. O-O Be7 6. Re1 b5 7. Bb3 d6 8. c3 O-O 9. d4 Bg4 10. d5 Na5 11. Bc2 c6 12. h3 Bc8 13. dxc6 Qc7 14. Nbd2 Qxc6 15. Nf1 Nc4 16. a4 h6 17. Ng3 Re8 18. b3 Nb6 19. axb5 axb5 20. Rxa8 Nxa8 21. Bd2 Nb6 22. Qe2 Bd7 23. Nh4 Bf8 24. Nhf5 d5 25. exd5 Nbxd5 26. Qf3 Nf4 27. Qxc6 Bxc6 28. Bxf4 exf4 29. Rxe8 Bxe8 30. Ne2 g6 31. Nfd4 Bd6 32. Bd3 b4 33. cxb4 Nd5 34. b5 Bc5 35. Bc4 Nb6 36. Nc6 g5 37. Nc3 Bd6 38. Ne4 Bc7 39. Nf6+ Kf8 40. Nxe8 Kxe8 41. Kf1 Nd7 42. Ke2 Ne5 43. Nxe5 Bxe5 44. Kd3 Bc7 45. Ke4 Bb6 46. f3 Ke7 47. Kf5 Be3 48. Kg4 Kf6 49. Kh5 Kg7 50. Bd5 Bf2 51. Bc6 Be3 52. h4 gxh4 53. Kxh4 Kg6 54. Be4+ f5 55. Bc6 Bf2+ 56. Kh3 Kg5 57. Bd5 h5 58. Bc6 h4 59. Bd5 Be3 1/2-1/2

[Event "Wch-Blitz"]
[Site "Berlin GER"]
[Date "2015.10.13"]
[Round "10"]
[White "Bologan, Viktor"]
[Black "Krnan, Tomas"]
[Result "1-0"]
[WhiteElo "2607"]
[BlackElo "2440"]
[PlyCount "93"]
[GameId "2130307652069266"]
[EventDate "2015.10.13"]
[EventType "swiss (blitz)"]
[EventRounds "21"]
[EventCountry "GER"]
[SourceTitle "Mega2015 Update 47"]
[Source "Chessbase"]
[SourceDate "2015.10.16"]
[SourceVersion "1"]
[SourceVersionDate "2015.10.16"]
[SourceQuality "1"]

1. e4 e5 2. Nf3 Nc6 3. Bc4 Bc5 4. O-O Nf6 5. d3 O-O 6. h3 a6 7. Bb3 d6 8. c3 Ba7 9. Re1 h6 10. Nbd2 Be6 11. Nf1 Qd7 12. Bc2 Rfe8 13. Ng3 d5 14. exd5 Bxd5 15. Bd2 Rad8 16. b4 Qc8 17. a4 b5 18. Qe2 Qb7 19. Nh4 Re6 20. Nhf5 Ne7 21. Ne3 Ng6 22. Nxd5 Nxd5 23. Qe4 Qb6 24. Be3 Nxe3 25. fxe3 c5 26. axb5 axb5 27. Bb3 Red6 28. bxc5 Qxc5 29. d4 exd4 30. cxd4 Qc7 31. Rf1 Rf8 32. Nf5 Rb6 33. h4 Qc6 34. Qxc6 Rxc6 35. Rxa7 Rc3 36. Bd5 b4 37. h5 Nh8 38. Nd6 Rxe3 39. Nxf7 Nxf7 40. Bxf7+ Kh8 41. Bg6 Rd8 42. Rb7 b3 43. Rb1 Re2 44. R1xb3 Rd2 45. Rb8 R2xd4 46. Rxd8+ Rxd8 47. Re3 1-0

[Event "Wch-Blitz"]
[Site "Berlin GER"]
[Date "2015.10.13"]
[Round "11"]
[White "Krnan, Tomas"]
[Black "Godena, Michele"]
[Result "0-1"]
[WhiteElo "2440"]
[BlackElo "2513"]
[PlyCount "70"]
[GameId "2130307652077572"]
[EventDate "2015.10.13"]
[EventType "swiss (blitz)"]
[EventRounds "21"]
[EventCountry "GER"]
[SourceTitle "Mega2015 Update 47"]
[Source "Chessbase"]
[SourceDate "2015.10.16"]
[SourceVersion "1"]
[SourceVersionDate "2015.10.16"]
[SourceQuality "1"]

1. e4 e5 2. Nf3 Nc6 3. Bb5 a6 4. Ba4 Nf6 5. O-O b5 6. Bb3 Bc5 7. d3 d6 8. a4 Rb8 9. axb5 axb5 10. c3 O-O 11. h3 h6 12. d4 Bb6 13. Be3 exd4 14. cxd4 Ne7 15. Nc3 Bb7 16. e5 dxe5 17. dxe5 Qxd1 18. Rfxd1 Bxf3 19. gxf3 Nh5 20. Rd7 Ng6 21. e6 fxe6 22. Bxe6+ Kh8 23. Bxb6 Rxb6 24. Bg4 Nhf4 25. Rxc7 h5 26. Bd7 b4 27. Ne4 Ne5 28. Nd2 Rd6 29. Ne4 Rxd7 30. Rc5 Nxf3+ 31. Kf1 Re7 32. Ng5 Nxg5 33. Rxg5 g6 34. Rc1 Nxh3 35. Rxg6 Rxf2# 0-1